| 000 | 00445nam a2200145 a 4500 | ||
|---|---|---|---|
| 001 | 000038881 | ||
| 005 | 20201002031414.0 | ||
| 008 | 130501s1988 ck a 000 0 spa d | ||
| 020 | _a9580405700 | ||
| 040 |
_aDO-SdBNP _bspa _cBNPHU |
||
| 100 | 1 |
_aLidstone, John _965152 |
|
| 245 | 1 | 0 |
_aCapacitación de vendedores : _aentrenamiento en el campo de trabajo / _cJohn Lidstone. |
| 260 |
_aBogotá : _bNorma , _c1988. |
||
| 300 |
_a279 p. : _bil. ; _c23 cm. |
||
| 999 |
_c38371 _d38371 |
||